<?xml version="1.0" encoding="UTF-8"?>
<collection xmlns="http://www.loc.gov/MARC21/slim">
 <record>
  <leader>01708nam0a2200277   4500</leader>
  <controlfield tag="001">in00000003150</controlfield>
  <controlfield tag="005">20230112190414.3</controlfield>
  <datafield tag="010" ind1=" " ind2=" ">
   <subfield code="a">978-7-5443-7165-0</subfield>
   <subfield code="d">CNY39.80</subfield>
  </datafield>
  <datafield tag="035" ind1=" " ind2=" ">
   <subfield code="a">0102002919</subfield>
  </datafield>
  <datafield tag="100" ind1=" " ind2=" ">
   <subfield code="a">20170802d2017    em y0chiy50      ea</subfield>
  </datafield>
  <datafield tag="101" ind1="0" ind2=" ">
   <subfield code="a">chi</subfield>
  </datafield>
  <datafield tag="102" ind1=" " ind2=" ">
   <subfield code="a">CN</subfield>
   <subfield code="b">460100</subfield>
  </datafield>
  <datafield tag="105" ind1=" " ind2=" ">
   <subfield code="a">y   az  000yy</subfield>
  </datafield>
  <datafield tag="106" ind1=" " ind2=" ">
   <subfield code="a">r</subfield>
  </datafield>
  <datafield tag="200" ind1="1" ind2=" ">
   <subfield code="a">阿育吠陀疗法</subfield>
   <subfield code="9">a yu fei tuo liao fa</subfield>
   <subfield code="e">开启身心灵的自我疗愈之门</subfield>
   <subfield code="f">(美)米歇尔·S.芳汀著</subfield>
   <subfield code="g">邢彬译</subfield>
   <subfield code="z">eng</subfield>
  </datafield>
  <datafield tag="210" ind1=" " ind2=" ">
   <subfield code="a">海口</subfield>
   <subfield code="c">海南出版社</subfield>
   <subfield code="d">2017</subfield>
  </datafield>
  <datafield tag="215" ind1=" " ind2=" ">
   <subfield code="a">20,230页</subfield>
   <subfield code="d">21cm</subfield>
  </datafield>
  <datafield tag="314" ind1=" " ind2=" ">
   <subfield code="a">米歇尔·S.芳汀,女,阿育吠陀之路瑜伽健康工作室的创始人,也是一名阿育吠陀生活方式咨询师兼瑜伽和冥想导师。现持有乔布拉中心颁发的阿育吠陀硕士证书,目前还是乔布拉网站的供稿人。她还是美国国家阿育吠陀医学协会会员、北美阿育吠陀专家协会成员,以及瑜伽联盟的医院成员。</subfield>
  </datafield>
  <datafield tag="320" ind1=" " ind2=" ">
   <subfield code="a">有书目(第227-230页)</subfield>
  </datafield>
  <datafield tag="330" ind1=" " ind2=" ">
   <subfield code="a">本书介绍一种真正的整体性疗法,不只考虑饮食、运动、基因等方面,还包括人际关系、人生目标、财务状况、环境和过往经历。在这本详尽实用的书中,作者温柔地引导读者完成专门设计并针对其需求的自我评估问题,并提出解决这些问题的方法,例如饮食计划、成瘾治疗、身体排毒以及改善关系的技巧等等。</subfield>
  </datafield>
  <datafield tag="517" ind1="1" ind2=" ">
   <subfield code="a">开启身心灵的自我疗愈之门</subfield>
   <subfield code="9">kai qi shen xin ling de zi wo liao yu zhi men</subfield>
  </datafield>
  <datafield tag="606" ind1="0" ind2=" ">
   <subfield code="a">保健</subfield>
   <subfield code="x">基本知识</subfield>
  </datafield>
  <datafield tag="690" ind1=" " ind2=" ">
   <subfield code="a">R161</subfield>
   <subfield code="v">5</subfield>
  </datafield>
  <datafield tag="701" ind1=" " ind2="0">
   <subfield code="c">(美)</subfield>
   <subfield code="a">芳汀</subfield>
   <subfield code="9">fang ting</subfield>
   <subfield code="4">著</subfield>
  </datafield>
  <datafield tag="702" ind1=" " ind2="0">
   <subfield code="a">邢彬</subfield>
   <subfield code="9">xing bin</subfield>
   <subfield code="4">译</subfield>
  </datafield>
  <datafield tag="999" ind1="f" ind2="f">
   <subfield code="s">d679a23f-4f7d-4171-bbbd-54dd0d6f5943</subfield>
   <subfield code="i">7e16e34d-7dee-4f43-9f46-bfea96c6e22e</subfield>
  </datafield>
 </record>
</collection>
